| 000 | 00385nam a2200157Ia 4500 | ||
|---|---|---|---|
| 003 | OSt | ||
| 005 | 20240123110558.0 | ||
| 008 | 170523s9999 xx 000 0 und d | ||
| 020 | _a978-8180548444 | ||
| 040 | _ciimt university meerut | ||
| 100 | _aTRIPATHI | ||
| 245 | 0 | _aPERSONEL MANAGEMENT AND INDUSTRIAL RELATION | |
| 260 | _bDELHI SULTAN CHAND | ||
| 260 | _c1998 | ||
| 942 |
_2ddc _c02 |
||
| 999 |
_c53 _d53 |
||